| 000 | 01219cam a22003375a 4500 | ||
|---|---|---|---|
| 001 | 015868687 | ||
| 003 | OSt | ||
| 005 | 20151102150018.0 | ||
| 008 | 110810t2012 enka frb 001 0 eng d | ||
| 020 | _a9780273764113 (pbk.) | ||
| 020 | _a9781783650439 | ||
| 020 | _a1783650435 | ||
| 020 | _z027376411X (pbk.) | ||
| 040 |
_aStDuBDS _beng _cStDuBDS _dUk _dEG-ScBUE _dEG-ScBUE |
||
| 082 | 0 | 4 |
_a005.1 _bLEV _222 |
| 100 | 1 |
_aLevitin, Anany. _910552 |
|
| 245 | 1 | 0 |
_aIntroduction to the design & analysis of algorithms / _cAnany Levitin ; international edition contributions Soumen Mukherjee, Arup Kumar Bhattacharjee. |
| 246 | 3 | _aIntroduction to the design and analysis of algorithms | |
| 250 | _a3rd ed., International ed. | ||
| 260 |
_aHarlow : _bPearson Education Limited, _cc.2012. |
||
| 300 |
_a589 p. : _bill. ; _c24 cm. |
||
| 500 | _aIndex : p. 571-589. | ||
| 500 | _aIncludes appendixes. | ||
| 504 | _aBibliography : p. 519-528. | ||
| 650 | 0 |
_aComputer algorithms _910553 _2BUEsh |
|
| 651 | _2BUEsh | ||
| 653 |
_bCOMSCI _cSeptember2014 _cJune2015 _cNovember2015 |
||
| 700 | 1 |
_aMukherjee, Soumen, _econtributor. _932792 |
|
| 700 | 1 |
_aChattopadhyay, Arup Kumar, _econtributor. _936067 |
|
| 942 |
_2ddc _k005.1 LEV |
||
| 999 |
_c18380 _d18352 |
||